Statistiken für Landkreise und kreisfreie Städte Deutschlands mit "O"

Klicken Sie hier um das Quiz zu spielen!

Allgemein

  • Dieses Quiz wurde 297 mal gespielt
  • Das Durchschnittsergebnis liegt bei 14 aus 20

Antwortstatistiken

BundeslandKreis% Korrekt
NiedersachsenOldenburg
92%
NiedersachsenOldenburg
92%
NiedersachsenOsnabrück
92%
NiedersachsenOsnabrück
92%
Nordrhein-WestfalenOberhausen
88%
HessenOffenbach
81%
HessenOffenbach am Main
81%
Nordrhein-WestfalenOlpe
81%
BayernOstallgäu
68%
Baden-WürttembergOrtenaukreis
67%
BayernOberallgäu
65%
BrandenburgOder-Spree
64%
Schleswig-HolsteinOstholstein
61%
BrandenburgOberhavel
57%
Baden-WürttembergOstalbkreis
55%
Nordrhein-WestfalenOberbergischer Kreis
52%
BrandenburgOstprignitz-Ruppin
52%
NiedersachsenOsterholz
47%
HessenOdenwaldkreis
45%
BrandenburgOberspreewald-Lausitz
36%

Verteilung der Resultate

Perzentil nach korrekt beantworteten Fragen

Anzahl Personen mit jedem Resultat

Ihre Resultats-Entwicklung

Sie haben dieses Quiz noch nicht gespielt